000 00733nam a2200241Ia 4500
003 OSt
005 20220923220846.0
006 a|||||r|||| 00| 0
007 ta
008 220922b |||||||| |||| 00| 0 hin d
024 _a191,459
037 _cTextual
040 _aARTS
_cARTS
_bhin
041 _2hin
_ahin
082 _aV2y7M83, 152N2
100 _aगोयल, शिवकुमार
_9156272
245 0 _aवीर साबरकर
246 _aVīr sābarakara
260 _aनई दिल्ली
_b प्रवीन प्रकाशन
_c1992
300 _a191पृ.
_ccm.
942 _hV2y7M83, 152N2
_cTEXL
_2CC
999 _c344166
_d344166